Eastern Utah Libraries Catalog: Duchesne, Heber, Roosevelt, & Vernal

Effie Gray / (Record no. 305208)

MARC details
000 -LEADER
fixed length control field 05331cgm a2201033Mi 4500
001 - CONTROL NUMBER
control field ocn966503642
003 - CONTROL NUMBER IDENTIFIER
control field OCoLC
005 - DATE AND TIME OF LATEST TRANSACTION
control field 20200320210024.0
007 - PHYSICAL DESCRIPTION FIXED FIELD--GENERAL INFORMATION
fixed length control field vd cvaizq
008 - FIXED-LENGTH DATA ELEMENTS--GENERAL INFORMATION
fixed length control field 151222p20142016cau109 vleng d
020 ## - INTERNATIONAL STANDARD BOOK NUMBER
Terms of availability 15.95
024 1# - OTHER STANDARD IDENTIFIER
Standard number or code 025192319747
028 42 - PUBLISHER NUMBER
Publisher number 61173074
Source Universal Studios Home Entertainment
035 ## - SYSTEM CONTROL NUMBER
System control number (OCoLC)966503642
040 ## - CATALOGING SOURCE
Original cataloging agency B@L
Language of cataloging eng
Description conventions rda
Transcribing agency B@L
Modifying agency OCLCO
-- OCLCF
-- WACOL
041 1# - LANGUAGE CODE
Language code of text/sound track or separate title eng
-- por
-- spa
-- tha
-- chi
-- eng
-- fre
-- ind
-- jpn
-- kor
-- por
-- spa
-- tha
Language code of original and/or intermediate translations of text eng
044 ## - COUNTRY OF PUBLISHING/PRODUCING ENTITY CODE
MARC country code cau
-- xxk
046 ## - SPECIAL CODED DATES
Beginning or single date created 2014
049 ## - LOCAL HOLDINGS (OCLC)
Holding library WACL
050 #4 - LIBRARY OF CONGRESS CALL NUMBER
Classification number PN1997.2
Item number .E34 2016
082 04 - DEWEY DECIMAL CLASSIFICATION NUMBER
Classification number 791.43/72
Edition number 23
092 ## - LOCALLY ASSIGNED DEWEY CALL NUMBER (OCLC)
Classification number DVD
Item number Eff
245 00 - TITLE STATEMENT
Title Effie Gray /
Statement of responsibility, etc Sovereign Films presents in association with High Line Pictures a Roald/Rosenfeld production; written by Emma Thompson ; director, Richard Laxton.
250 ## - EDITION STATEMENT
Edition statement Widescreen ed.
264 #1 - Production, Publication, Distribution, Manufacture, and Copyright Notice.
Place of production, publication, distribution, manufacture Universal City, California :
Name of producer, publisher, distributor, manufacturer Universal Studios Home Entertainment,
Date of production, publication, distribution, manufacture, or copyr 2014.
264 #4 - Production, Publication, Distribution, Manufacture, and Copyright Notice.
Date of production, publication, distribution, manufacture, or copyr ©2016
300 ## - PHYSICAL DESCRIPTION
Extent 1 videodisc (109 min.) :
Other physical details sound, color ;
Dimensions 4 3/4 in.
336 ## - Content Type
Content type term two-dimensional moving image
337 ## - Media type
Media type term video
338 ## - Carrier type
Carrier type term videodisc
344 ## -
-- digital
-- optical
-- surround
-- Dolby digital 5.1
-- rda
346 ## -
-- NTSC
-- rda
347 ## -
-- video file
-- DVD video
-- region 1
-- rda
380 ## -
-- Motion picture
500 ## - GENERAL NOTE
General note Originally produced as a motion picture in 2014.
508 ## - CREATION/PRODUCTION CREDITS NOTE
Creation/production credits note Music, Paul Cantelon ; editor, Kate Williams ; director of photography, Andrew Dunn.
511 1# - PARTICIPANT OR PERFORMER NOTE
Participant or performer note Dakota Fanning, Emma Thompson, Tom Sturridge, David Suchet, Julie Walters, Greg Wise, Claudia Cardinale, Robbie Coltrane, James Fox, Riccardo Scamarcio, Derek Jacobi, Polly Dartford.
520 ## - SUMMARY, ETC.
Summary, etc A sumptuous historical drama set against a luscious backdrop exploring the scandalous love triangle between Victorian art critic John Ruskin, his young bride Effie Gray, and his protǧ,̌ painter John Everett Millais. After marrying Ruskin, Effie quickly realizes her marriage is a lie when Ruskin refuses to consummate it. Yearning for affection, she soon falls for the charms of the charismatic Millais.
521 8# - TARGET AUDIENCE NOTE
Target audience note MPAA rating: PG-13; for thematic and sexual content, and some nudity
-- CHV rating: G.
521 8# - TARGET AUDIENCE NOTE
Target audience note Closed-captioned.
538 ## - SYSTEM DETAILS NOTE
System details note DVD; NTSC, Region 1; anamorphic widescreen 2.40:1; Dolby digital 5.1.
546 ## - LANGUAGE NOTE
Language note English, Spanish, Portuguese or Thai dialogue; Indonesian, Spanish, French, Mandarin, Thai, Korean, Japanese or Portuguese subtitles; subtitled for the deaf and hard of hearing (SDH).
600 10 - SUBJECT ADDED ENTRY--PERSONAL NAME
Personal name Millais, Euphemia Chalmers Gray,
Titles and other words associated with a name Lady,
Dates associated with a name 1828-1897
Form subdivision Drama.
9 (RLIN) 5958421
600 10 - SUBJECT ADDED ENTRY--PERSONAL NAME
Personal name Millais, John Everett,
Dates associated with a name 1829-1896
Form subdivision Drama.
9 (RLIN) 5958422
600 10 - SUBJECT ADDED ENTRY--PERSONAL NAME
Personal name Ruskin, John,
Dates associated with a name 1819-1900
Form subdivision Drama.
9 (RLIN) 5958423
650 #0 - SUBJECT ADDED ENTRY--TOPICAL TERM
Topical term or geographic name as entry element Art critics
Geographic subdivision Great Britain
Form subdivision Drama.
9 (RLIN) 5958424
650 #0 - SUBJECT ADDED ENTRY--TOPICAL TERM
Topical term or geographic name as entry element Video recordings for the hearing impaired.
9 (RLIN) 5958425
651 #0 - SUBJECT ADDED ENTRY--GEOGRAPHIC NAME
Geographic name Great Britain
General subdivision History
Chronological subdivision 19th century
Form subdivision Drama.
9 (RLIN) 5716700
600 17 - SUBJECT ADDED ENTRY--PERSONAL NAME
Personal name Millais, Euphemia Chalmers Gray,
Titles and other words associated with a name Lady,
Dates associated with a name 1828-1897.
Source of heading or term fast
-- (OCoLC)fst00014302
9 (RLIN) 5958426
600 17 - SUBJECT ADDED ENTRY--PERSONAL NAME
Personal name Millais, John Everett,
Dates associated with a name 1829-1896.
Source of heading or term fast
-- (OCoLC)fst00014301
9 (RLIN) 5958427
600 17 - SUBJECT ADDED ENTRY--PERSONAL NAME
Personal name Ruskin, John,
Dates associated with a name 1819-1900.
Source of heading or term fast
-- (OCoLC)fst00030222
9 (RLIN) 6215
650 #7 - SUBJECT ADDED ENTRY--TOPICAL TERM
Topical term or geographic name as entry element Art critics.
Source of heading or term fast
-- (OCoLC)fst00815508
9 (RLIN) 5958428
650 #7 - SUBJECT ADDED ENTRY--TOPICAL TERM
Topical term or geographic name as entry element Video recordings for the hearing impaired.
Source of heading or term fast
-- (OCoLC)fst01166513
9 (RLIN) 5958425
651 #7 - SUBJECT ADDED ENTRY--GEOGRAPHIC NAME
Geographic name Great Britain.
Source of heading or term fast
-- (OCoLC)fst01204623
9 (RLIN) 5958429
648 #7 - SUBJECT ADDED ENTRY--CHRONOLOGICAL TERM
Chronological term 1800-1899
Source of heading or term fast
9 (RLIN) 5678697
655 #7 - INDEX TERM--GENRE/FORM
Genre/form data or focus term Biographical films.
Source of term lcgft
9 (RLIN) 102649
655 #7 - INDEX TERM--GENRE/FORM
Genre/form data or focus term Fiction films.
Source of term lcgft
9 (RLIN) 5674705
655 #7 - INDEX TERM--GENRE/FORM
Genre/form data or focus term Feature films.
Source of term lcgft
9 (RLIN) 5958430
655 #7 - INDEX TERM--GENRE/FORM
Genre/form data or focus term Historical films.
Source of term lcgft
9 (RLIN) 5958431
655 #7 - INDEX TERM--GENRE/FORM
Genre/form data or focus term Biographical films.
Source of term fast
-- (OCoLC)fst01710277
9 (RLIN) 102649
655 #7 - INDEX TERM--GENRE/FORM
Genre/form data or focus term Drama.
Source of term fast
-- (OCoLC)fst01423879
9 (RLIN) 5673873
655 #7 - INDEX TERM--GENRE/FORM
Genre/form data or focus term Feature films.
Source of term fast
-- (OCoLC)fst01710384
9 (RLIN) 5958430
655 #7 - INDEX TERM--GENRE/FORM
Genre/form data or focus term Fiction films.
Source of term fast
-- (OCoLC)fst01710264
9 (RLIN) 5674705
655 #7 - INDEX TERM--GENRE/FORM
Genre/form data or focus term Historical films.
Source of term fast
-- (OCoLC)fst01710314
9 (RLIN) 5958431
655 #7 - INDEX TERM--GENRE/FORM
Genre/form data or focus term History.
Source of term fast
-- (OCoLC)fst01411628
9 (RLIN) 5675940
700 1# - ADDED ENTRY--PERSONAL NAME
Personal name Laxton, Richard,
Relator term film director.
9 (RLIN) 66257
700 1# - ADDED ENTRY--PERSONAL NAME
Personal name Thompson, Emma,
Relator term screenwriter,
-- actor.
9 (RLIN) 33146
700 1# - ADDED ENTRY--PERSONAL NAME
Personal name Fanning, Dakota,
Dates associated with a name 1994-
Relator term actor.
9 (RLIN) 68395
700 1# - ADDED ENTRY--PERSONAL NAME
Personal name Sturridge, Tom,
Relator term actor.
9 (RLIN) 5958432
700 1# - ADDED ENTRY--PERSONAL NAME
Personal name Suchet, David,
Relator term actor.
9 (RLIN) 20636
700 1# - ADDED ENTRY--PERSONAL NAME
Personal name Walters, Julie,
Dates associated with a name 1950-
Relator term actor.
9 (RLIN) 64962
700 1# - ADDED ENTRY--PERSONAL NAME
Personal name Wise, Greg,
Dates associated with a name 1966-
Relator term actor.
9 (RLIN) 58710
700 1# - ADDED ENTRY--PERSONAL NAME
Personal name Cardinale, Claudia,
Dates associated with a name 1939-
Relator term actor.
9 (RLIN) 61923
700 1# - ADDED ENTRY--PERSONAL NAME
Personal name Coltrane, Robbie,
Relator term actor.
9 (RLIN) 61455
700 1# - ADDED ENTRY--PERSONAL NAME
Personal name Fox, James,
Dates associated with a name 1939-
Relator term actor.
9 (RLIN) 19286
700 1# - ADDED ENTRY--PERSONAL NAME
Personal name Scamarcio, Riccardo,
Dates associated with a name 1979-
Relator term actor.
9 (RLIN) 5958433
700 1# - ADDED ENTRY--PERSONAL NAME
Personal name Dartford, Polly,
Relator term actor.
9 (RLIN) 5958434
700 1# - ADDED ENTRY--PERSONAL NAME
Personal name Cantelon, Paul,
Relator term composer.
9 (RLIN) 5852737
700 1# - ADDED ENTRY--PERSONAL NAME
Personal name Williams, Kate,
Dates associated with a name 1967-
Relator term editor.
9 (RLIN) 70501
700 1# - ADDED ENTRY--PERSONAL NAME
Personal name Dunn, Andrew
Fuller form of name (Andrew William),
Relator term director of photography.
9 (RLIN) 5958435
700 1# - ADDED ENTRY--PERSONAL NAME
Personal name Jacobi, Derek,
Relator term actor.
9 (RLIN) 59579
710 2# - ADDED ENTRY--CORPORATE NAME
Corporate name or jurisdiction name as entry element Universal Studios Home Entertainment (Firm),
Relator term publisher.
9 (RLIN) 72642
710 2# - ADDED ENTRY--CORPORATE NAME
Corporate name or jurisdiction name as entry element Sovereign Films.
9 (RLIN) 5958436
710 2# - ADDED ENTRY--CORPORATE NAME
Corporate name or jurisdiction name as entry element High Line Pictures (Firm)
9 (RLIN) 5958437
942 ## - ADDED ENTRY ELEMENTS (KOHA)
Koha item type DVD
948 ## - LOCAL PROCESSING INFORMATION (OCLC); SERIES PART DESIGNATOR (RLIN)
Series part designator, SPT (RLIN) 12/04/2017
z (OCLC) Sirsi
994 ## -
-- C0
-- WACOL
996 ## -
-- 146716
-- 34301001517442
-- DVD
-- DVD
-- wcl
-- i
-- 8
-- 15.95
-- amazon
-- Eff
-- 12/04/2017
-- 08/21/2019
-- 08/14/2019
Holdings
Withdrawn status Lost status Source of classification or shelving scheme Damaged status Not for loan Collection code Home library Current library Shelving location Date acquired Source of acquisition Cost, normal purchase price Total Checkouts Total Renewals Full call number Barcode Date last seen Date checked out Cost, replacement price Price effective from Koha item type
    Dewey Decimal Classification     Movies Wasatch County Library Wasatch County Library Audio Visual Area 12/04/2017 Amazon 15.95 13 5 DVD Eff 34301001517442 02/26/2026 02/25/2026 15.95 03/20/2020 DVD
This project was made possible through a grant from the Institute of Museum and Library Service administered by the Utah State Library Division.

Wasatch County Library

  • 465 East 1200 South, Heber City, Utah 84032
  • Phone 435-654-1511 | Fax 435-654-6456

Hours

  • Monday - Friday 9:30 AM - 8:00 PM
  • Saturday 9:30 AM - 1:30 PM
  • Closed Sundays and Holidays